000 00640nam a2200229Ia 4500
003 OSt
005 20221007062320.0
006 a|||||r|||| 00| 0
007 ta
008 221006b |||||||| |||| 00| 0 eng d
024 _a24,042
037 _cTextual
040 _aFLL
_cFLL
_beng
041 _2eng
_aeng
082 _aZ2:2675qN58:9, K5
100 _aIyengar T.R. Srinivasa
245 0 _aTrade and merchandise marks act, 1958
260 _aAllahabad
_bLaw Book Co. India
_c1965
300 _alvi,1-663p
_ccm.
942 _hZ2:2675qN58:9, K5
_cTEXL
_2CC
999 _c1128279
_d1128279